000 004910000a22002050004500
650 _aDiplomacy
650 _aDiplomats
650 _aBiographies
082 _a923.2
_bK164d
518 _a20050628
530 _aM
100 _aKaul, T. N.
245 _aA diplomat's diary (1947-99) China, India and USA 'The tantalising triangle'
020 _a0-333-93340-0
260 _aDelhi
_bMacmillan India, India
260 _c2000
300 _axiv,273p.
041 _aEng
942 _cGEN
999 _c34257
_d34257